000
00342nam a2200157Ia 4500
100
_a
Chatwal/ G.R.
650
_a
General
490
_v
2
942
_c
BK
654
_a
Encyclopedia
245
_a
Encyclopedia of Scientific & Technical Terms
260
_b
Anmol publication
_c
1995
300
_a
467
546
_a
ENGLISH
999
_c
32430
_d
32430